Carregant...
Mass Media and Society
| Autor principal: | |
|---|---|
| Format: | Printed Book |
| Publicat: |
Common Wealth Publishers, New Delhi
2007
|
| LEADER | 00424nam a2200109 4500 | ||
|---|---|---|---|
| 082 | |a 302.230954 PRA | ||
| 100 | |a Naval Prabhakar & Narendra Basu | ||
| 245 | |a Mass Media and Society |c Naval Prabhakar & Narendra Basu | ||
| 260 | |a Common Wealth Publishers, New Delhi |c 2007 | ||
| 942 | |c BK | ||
| 999 | |c 198066 |d 198066 | ||
| 952 | |0 0 |1 0 |4 0 |6 302_230954000000000_PRA |7 0 |9 211415 |a DCI |b DCI |d 2019-10-29 |l 0 |o 302.230954 PRA |p DCI4798 |r 2019-10-29 |w 2019-10-29 |y BK | ||